Chanteurs et chanteuses des années 1970 par images #3 - Statistiques

Statistiques générales
  • Ce quiz a été pris 136 fois
    117 depuis la dernière actualisation
  • Le résultat moyen est 10 sur 24
Statistiques - réponses
Par images Réponse % Correct
John Lennon
93%
Bob Marley
89%
Alain Souchon
85%
Laurent Voulzy
83%
Elton John
81%
Dave
72%
KISS
64%
Gérard Lenorman
62%
Christophe
57%
C. Jérôme
49%
AC/DC
46%
Patrick Juvet
44%
Frédéric François
43%
Paul McCartney and Wings
36%
Julio Iglesias
26%
Alice Cooper
23%
Aerosmith
16%
Patrick Hernandez
16%
Deep Purple
15%
Supertramp
14%
Creedence Clearwater Revival
9%
Emmylou Harris
6%
John Denver
4%
Anita Ward
2%
Aucun quiz correspondant
Distribution des résultats
% des personnes avec chaque résultat
Percentile par nombre de réponses
Votre historique - résultats
Vous n’avez pas pris ce quiz depuis la dernière actualisation